[Event "72. Corus Chess 2010 GM-B"]
[Site "Wijk aan Zee NED"]
[Date "2010.01.26"]
[Round "9.7"]
[White "Harikrishna, Pentala"]
[Black "Nisipeanu, Liviu-Dieter"]
[Result "1/2-1/2"]
[WhiteElo "2672"]
[BlackElo "2681"]
[PlyCount "47"]
[EventDate "2010.01.16"]
[EventType "tourn"]
[EventRounds "13"]
[EventCountry "NED"]
[EventCategory "16"]
[Source "lmi"]
[SourceDate "2010.01.16"]

1. d4 Nf6 2. c4 g6 3. Nc3 Bg7 4. g3 O-O 5. Bg2 c5 6. d5 a6 7. a4 d6 8. Nf3 e6
9. O-O exd5 10. Nxd5 Nxd5 11. Qxd5 Nc6 12. Bf4 Be6 13. Qxd6 Bxc4 14. Rfe1 Re8
15. Qxc5 Bxe2 16. Be3 Bxb2 17. Rab1 Bxf3 18. Bxf3 Qf6 19. Kg2 Ne5 20. Be4 Ng4
21. Bxb7 Nxe3+ 22. Rxe3 Bd4 23. Rxe8+ Rxe8 24. Qc2 1/2-1/2

[Event "72. Corus Chess 2010 GM-B"]
[Site "Wijk aan Zee NED"]
[Date "2010.01.27"]
[Round "10.2"]
[White "Reinderman, Dimitri"]
[Black "Harikrishna, Pentala"]
[Result "1-0"]
[WhiteElo "2573"]
[BlackElo "2672"]
[PlyCount "115"]
[EventDate "2010.01.16"]
[EventType "tourn"]
[EventRounds "13"]
[EventCountry "NED"]
[EventCategory "16"]
[Source "lmi"]
[SourceDate "2010.01.16"]

1. c4 e5 2. g3 Nf6 3. Bg2 Bc5 4. Nc3 a6 5. Nf3 d6 6. d4 exd4 7. Nxd4 O-O 8. O-O
Nbd7 9. b3 Rb8 10. e3 Re8 11. h3 Ne5 12. f4 Nc6 13. Kh2 Bd7 14. Qd3 Bc8 15. Qd1
Bd7 16. Qd3 d5 17. Nxc6 bxc6 18. Rd1 Bg4 19. Re1 Bb4 20. Bb2 Be6 21. cxd5 cxd5
22. Qxa6 c5 23. Red1 d4 24. exd4 cxd4 25. Na4 Qe7 26. Rxd4 h5 27. Qd3 h4 28.
Rd1 Bg4 29. hxg4 Nxg4+ 30. Kg1 Be1 31. Re4 Qa7+ 32. Bd4 Bf2+ 33. Kf1 Bxd4 34.
Qxd4 Qa6+ 35. Qd3 Qa7 36. Qd4 Qa6+ 37. Kg1 Red8 38. Qxd8+ Rxd8 39. Rxd8+ Kh7
40. f5 Qa5 41. Rdd4 hxg3 42. Bf3 Nh6 43. Re2 Nxf5 44. Be4 g6 45. Bxf5 Qxf5 46.
Kg2 Qh5 47. Rdd2 Qh2+ 48. Kf3 Qh4 49. Nc3 Qf6+ 50. Kxg3 Qxc3+ 51. Kf4 Kg7 52.
Ke4 f5+ 53. Kd5 f4 54. Ke4 Qg3 55. b4 Qg4 56. Rg2 Qf5+ 57. Kf3 g5 58. Rxg5+ 1-0

[Event "72. Corus Chess 2010 GM-B"]
[Site "Wijk aan Zee NED"]
[Date "2010.01.27"]
[Round "10.5"]
[White "Nyback, Tomi"]
[Black "So, Wesley"]
[Result "0-1"]
[WhiteElo "2643"]
[BlackElo "2656"]
[PlyCount "92"]
[EventDate "2010.01.16"]
[EventType "tourn"]
[EventRounds "13"]
[EventCountry "NED"]
[EventCategory "16"]
[Source "lmi"]
[SourceDate "2010.01.16"]

1. d4 d5 2. c4 c6 3. Nf3 Nf6 4. e3 a6 5. Nc3 b5 6. c5 g6 7. Bd3 Bg7 8. Qc2 O-O
9. O-O Nbd7 10. e4 dxe4 11. Bxe4 Nxe4 12. Qxe4 Nf6 13. Qh4 Re8 14. Re1 a5 15.
Bh6 Bh8 16. Ne5 Qc7 17. Qf4 Bf5 18. Qf3 Rac8 19. Rac1 Red8 20. Ne2 a4 21. a3
Bg7 22. Bxg7 Kxg7 23. h3 Qb7 24. Rcd1 Be4 25. Qe3 Bc2 26. Rd2 Bb3 27. Nf4 b4
28. Ned3 bxa3 29. bxa3 Rd7 30. Ne5 Rdd8 31. h4 Nd5 32. Nh5+ Kg8 33. Qh6 gxh5
34. Rd3 Bc2 35. Qg5+ Kf8 36. Qxh5 e6 37. Rf3 f6 38. Rg3 Rc7 39. Qh6+ Rg7 40.
Nxc6 Re8 41. Nb4 Bb3 42. Nxd5 Bxd5 43. Ree3 f5 44. h5 Ree7 45. Qf6+ Ke8 46. h6
Rg4 0-1

[Event "72. Corus Chess 2010 GM-B"]
[Site "Wijk aan Zee NED"]
[Date "2010.01.27"]
[Round "10.6"]
[White "Giri, Anish"]
[Black "Naiditsch, Arkadij"]
[Result "1/2-1/2"]
[WhiteElo "2588"]
[BlackElo "2687"]
[PlyCount "43"]
[EventDate "2010.01.16"]
[EventType "tourn"]
[EventRounds "13"]
[EventCountry "NED"]
[EventCategory "16"]
[Source "lmi"]
[SourceDate "2010.01.16"]

1. d4 Nf6 2. c4 e6 3. Nf3 d5 4. Nc3 c5 5. cxd5 Nxd5 6. e4 Nxc3 7. bxc3 cxd4 8.
cxd4 Bb4+ 9. Bd2 Bxd2+ 10. Qxd2 O-O 11. Bc4 Nd7 12. O-O b6 13. Rad1 Bb7 14. d5
Nc5 15. Qf4 Qf6 16. Qxf6 gxf6 17. Nd4 Rfc8 18. dxe6 Nxe6 19. Bb3 Nxd4 20. Rxd4
Rc7 21. Rfd1 Re8 22. Rd7 1/2-1/2

[Event "72. Corus Chess 2010 GM-B"]
[Site "Wijk aan Zee NED"]
[Date "2010.01.27"]
[Round "10.7"]
[White "Howell, David W L"]
[Black "Muzychuk, Anna"]
[Result "1/2-1/2"]
[WhiteElo "2606"]
[BlackElo "2523"]
[PlyCount "93"]
[EventDate "2010.01.16"]
[EventType "tourn"]
[EventRounds "13"]
[EventCountry "NED"]
[EventCategory "16"]
[Source "lmi"]
[SourceDate "2010.01.16"]

1. e4 c5 2. Nf3 Nc6 3. c3 e5 4. Bc4 Qc7 5. d3 Nf6 6. Bg5 Be7 7. Nbd2 Rb8 8. a4
a6 9. Nf1 d6 10. Ne3 O-O 11. Bxf6 Bxf6 12. h4 b5 13. axb5 axb5 14. Ba2 Qd8 15.
g4 Be6 16. g5 Be7 17. Bd5 Qd7 18. Ra6 Rfc8 19. Nh2 Bd8 20. Qf3 Ne7 21. h5 Bxd5
22. exd5 Ra8 23. Rxa8 Rxa8 24. O-O Ra4 25. c4 bxc4 26. dxc4 Nc8 27. Qg3 Rb4 28.
f4 exf4 29. Qxf4 Rxb2 30. Nhg4 Qe8 31. h6 g6 32. Nd1 Re2 33. Nf6+ Bxf6 34. Qxf6
Kf8 35. Qg7+ Ke7 36. Nf2 Kd8 37. Qf6+ Kc7 38. Ng4 Qe4 39. Qf3 Qd4+ 40. Rf2 Re1+
41. Kh2 Ne7 42. Qa3 Qxg4 43. Qa5+ Kd7 44. Qa4+ Kd8 45. Qa8+ Kd7 46. Qa4+ Kd8
47. Qa8+ 1/2-1/2

[Event "72. Corus Chess 2010 GM-B"]
[Site "Wijk aan Zee NED"]
[Date "2010.01.29"]
[Round "11.1"]
[White "Muzychuk, Anna"]
[Black "L'Ami, Erwin"]
[Result "1/2-1/2"]
[WhiteElo "2523"]
[BlackElo "2615"]
[PlyCount "106"]
[EventDate "2010.01.16"]
[EventType "tourn"]
[EventRounds "13"]
[EventCountry "NED"]
[EventCategory "16"]
[Source "lmi"]
[SourceDate "2010.01.16"]

1. e4 e6 2. d4 d5 3. exd5 exd5 4. Nf3 Nf6 5. Bd3 Bd6 6. Qe2+ Qe7 7. Qxe7+ Kxe7
8. Bg5 h6 9. Bh4 g5 10. Bg3 Be6 11. Bxd6+ Kxd6 12. Nc3 c6 13. h4 g4 14. Ne5 Nh5
15. Ne2 Rg8 16. Kd2 c5 17. c3 cxd4 18. cxd4 Nc6 19. Nxc6 bxc6 20. Rac1 f5 21.
Ng3 Nf4 22. Ne2 Nxg2 23. Rcg1 f4 24. Rxg2 f3 25. Rg3 fxe2 26. Bxe2 Rab8 27. b3
a5 28. Rhg1 Rbf8 29. f3 gxf3 30. Rxg8 f2 31. R1g6 Rxg8 32. Rxg8 Bxg8 33. Ke3 c5
34. Kxf2 cxd4 35. Bd3 Bf7 36. a3 Kc5 37. Ke2 Bh5+ 38. Kd2 Bf3 39. Bf1 Be4 40.
Bd3 Bg2 41. Kc2 Bh3 42. Kd2 Bd7 43. Kc2 Bc8 44. Kd2 Kd6 45. Be2 Ke5 46. Bb5 Bf5
47. Bd3 Bg4 48. Ba6 Bh3 49. Bb5 Kf4 50. Bc6 Ke5 51. Bb5 Bc8 52. Be2 Kf4 53. Bb5
Ke4 1/2-1/2

[Event "72. Corus Chess 2010 GM-B"]
[Site "Wijk aan Zee NED"]
[Date "2010.01.29"]
[Round "11.2"]
[White "Naiditsch, Arkadij"]
[Black "Howell, David W L"]
[Result "1/2-1/2"]
[WhiteElo "2687"]
[BlackElo "2606"]
[PlyCount "122"]
[EventDate "2010.01.16"]
[EventType "tourn"]
[EventRounds "13"]
[EventCountry "NED"]
[EventCategory "16"]
[Source "lmi"]
[SourceDate "2010.01.16"]

1. e4 e5 2. Nf3 Nc6 3. Bb5 a6 4. Bxc6 dxc6 5. O-O Bd6 6. d4 exd4 7. Qxd4 f6 8.
Be3 Ne7 9. Nbd2 Be6 10. Qc3 Ng6 11. Nd4 Qd7 12. Nxe6 Qxe6 13. Qb3 Qxb3 14. axb3
O-O-O 15. Rfd1 h5 16. f3 h4 17. Nc4 Ne5 18. Nxd6+ Rxd6 19. h3 Re6 20. Kf2 g5
21. b4 Rhe8 22. b3 Ng6 23. c4 Rd6 24. c5 Rd7 25. Bd4 Red8 26. Ke3 Nf4 27. Ra2
Nh5 28. Rad2 Re8 29. Bc3 Rxd2 30. Rxd2 Re6 31. Kf2 Ng3 32. Rd1 Nh5 33. Rd4 Ng3
34. Bd2 Nh1+ 35. Kg1 Ng3 36. Rd3 Nh5 37. Kh2 Nf4 38. Rd4 Ne2 39. Rc4 Re7 40.
Be1 Kd8 41. Rc2 Nf4 42. g3 hxg3+ 43. Bxg3 Ng6 44. Rd2+ Ke8 45. Kg2 Rh7 46. Bh2
Nh4+ 47. Kg3 Ng6 48. Bg1 Nf4 49. Rh2 Rh4 50. Be3 Nh5+ 51. Kf2 Kf7 52. Ke2 Nf4+
53. Kf2 f5 54. Bd2 Kf6 55. Rh1 fxe4 56. fxe4 Ke5 57. Ke3 Rxh3+ 58. Rxh3 Nxh3
59. Be1 Ke6 60. Bg3 g4 61. Bxc7 Kd7 1/2-1/2

[Event "72. Corus Chess 2010 GM-B"]
[Site "Wijk aan Zee NED"]
[Date "2010.01.29"]
[Round "11.3"]
[White "So, Wesley"]
[Black "Giri, Anish"]
[Result "0-1"]
[WhiteElo "2656"]
[BlackElo "2588"]
[PlyCount "72"]
[EventDate "2010.01.16"]
[EventType "tourn"]
[EventRounds "13"]
[EventCountry "NED"]
[EventCategory "16"]
[Source "lmi"]
[SourceDate "2010.01.16"]

1. e4 e5 2. Nf3 Nf6 3. Nxe5 d6 4. Nf3 Nxe4 5. d4 d5 6. Bd3 Nc6 7. O-O Be7 8.
Re1 Bg4 9. c3 f5 10. Qb3 O-O 11. Nbd2 Na5 12. Qc2 Nc6 13. b4 a6 14. a4 Bd6 15.
Ba3 Kh8 16. Qb2 Ne7 17. Ne5 Bxe5 18. dxe5 Ng6 19. f3 Nxe5 20. Bf1 Qf6 21. fxe4
fxe4 22. Kh1 b5 23. Nb3 Qh4 24. Qd2 Rf5 25. Nd4 Rh5 26. h3 Rf8 27. Re3 Rf2 28.
Qe1 Qf6 29. Kg1 Rf4 30. hxg4 Nxg4 31. Rh3 Rxh3 32. gxh3 Nf2 33. Qe3 Qg5+ 34.
Bg2 Nd1 35. Qc1 Qg3 36. Ne2 Rf1+ 0-1

[Event "72. Corus Chess 2010 GM-B"]
[Site "Wijk aan Zee NED"]
[Date "2010.01.29"]
[Round "11.5"]
[White "Negi, Parimarjan"]
[Black "Sutovsky, Emil"]
[Result "1/2-1/2"]
[WhiteElo "2621"]
[BlackElo "2657"]
[PlyCount "153"]
[EventDate "2010.01.16"]
[EventType "tourn"]
[EventRounds "13"]
[EventCountry "NED"]
[EventCategory "16"]
[Source "lmi"]
[SourceDate "2010.01.16"]

1. e4 c6 2. d4 d5 3. Nc3 dxe4 4. Nxe4 Bf5 5. Ng3 Bg6 6. h4 h6 7. Nf3 Nd7 8. h5
Bh7 9. Bd3 Bxd3 10. Qxd3 e6 11. Bd2 Ngf6 12. O-O-O Be7 13. Ne4 O-O 14. Nc3 b5
15. Kb1 c5 16. Nxb5 Rb8 17. dxc5 Bxc5 18. Nd6 Nb6 19. Ne4 Nxe4 20. Qxe4 Nd5 21.
g4 Qf6 22. Ne5 Ba3 23. b3 Qxf2 24. Rh3 Rfd8 25. Rd3 Bb4 26. Bxb4 Rxb4 27. Qe1
Qxe1 28. Rxe1 Rc8 29. c4 f6 30. cxd5 fxe5 31. dxe6 Rxg4 32. Rxe5 Rg2 33. e7 Re8
34. Rd7 a6 35. Ra7 Kf7 36. b4 Rh2 37. Rxa6 Rxe7 38. Rxe7+ Kxe7 39. Ra5 Kd6 40.
Rc5 Rh4 41. a3 Rh2 42. Kc1 Ra2 43. Ra5 Kc6 44. a4 Kb6 45. Kd1 Rb2 46. Rb5+ Ka6
47. Kc1 Ra2 48. Ra5+ Kb6 49. Kb1 Rh2 50. Rc5 Rh4 51. a5+ Ka6 52. Rc6+ Ka7 53.
Rb6 Rxh5 54. Kc2 Rg5 55. Rd6 h5 56. Rd8 h4 57. Rh8 Ka6 58. Kb3 Rg4 59. Ka4 Kb7
60. Rh7 Ka6 61. Rh5 Rc4 62. Rg5 h3 63. Rg6+ Kb7 64. Rxg7+ Rc7 65. a6+ Kb8 66.
Rg8+ Ka7 67. Ka5 Rh7 68. b5 Rh5 69. Rg7+ Ka8 70. Rg8+ Ka7 71. Rg7+ Ka8 72. a7
h2 73. Ka6 Rh8 74. b6 h1=Q 75. b7+ Qxb7+ 76. Rxb7 Rg8 77. Rb8+ 1/2-1/2

[Event "72. Corus Chess 2010 GM-B"]
[Site "Wijk aan Zee NED"]
[Date "2010.01.29"]
[Round "11.6"]
[White "Harikrishna, Pentala"]
[Black "Ni, Hua"]
[Result "1/2-1/2"]
[WhiteElo "2672"]
[BlackElo "2657"]
[PlyCount "117"]
[EventDate "2010.01.16"]
[EventType "tourn"]
[EventRounds "13"]
[EventCountry "NED"]
[EventCategory "16"]
[Source "lmi"]
[SourceDate "2010.01.16"]

1. d4 d5 2. c4 c6 3. Nc3 Nf6 4. Nf3 dxc4 5. a4 Bf5 6. Ne5 Nbd7 7. Nxc4 Nb6 8.
Ne5 a5 9. Bg5 g6 10. e3 Bg7 11. Bd3 Be6 12. Be2 Nfd5 13. Nd3 O-O 14. O-O Bf5
15. Nc5 Nd7 16. Nxd5 cxd5 17. Rc1 Nxc5 18. Rxc5 b6 19. Rc3 Qd6 20. Bf4 e5 21.
Bg3 Qe6 22. Bxe5 Bxe5 23. dxe5 Qxe5 24. g4 Bd7 25. f4 Qe7 26. Qxd5 Bxa4 27. Qd4
b5 28. f5 b4 29. Rc5 Rae8 30. Bf3 Qxe3+ 31. Qxe3 Rxe3 32. Rxa5 Bb3 33. Kf2 Rd3
34. Re1 Rb8 35. h4 Kg7 36. Ra6 gxf5 37. gxf5 Rd2+ 38. Re2 Rbd8 39. Rb6 Bc4 40.
Rxd2 Rxd2+ 41. Ke3 Rxb2 42. h5 f6 43. Kf4 b3 44. h6+ Kxh6 45. Rxf6+ Kg7 46. Rb6
Rf2 47. Ke3 Rh2 48. Kd4 Bf7 49. Be4 Rf2 50. Rb7 Kf6 51. Rb6+ Kg7 52. Rb7 b2 53.
Kc3 h5 54. Rxb2 Rxb2 55. Kxb2 h4 56. Kc3 h3 57. Kd4 Kf6 58. Ke3 Ke5 59. Bc6
1/2-1/2

[Event "72. Corus Chess 2010 GM-B"]
[Site "Wijk aan Zee NED"]
[Date "2010.01.29"]
[Round "11.7"]
[White "Nisipeanu, Liviu-Dieter"]
[Black "Reinderman, Dimitri"]
[Result "1/2-1/2"]
[WhiteElo "2681"]
[BlackElo "2573"]
[PlyCount "144"]
[EventDate "2010.01.16"]
[EventType "tourn"]
[EventRounds "13"]
[EventCountry "NED"]
[EventCategory "16"]
[Source "lmi"]
[SourceDate "2010.01.16"]

1. e4 c5 2. Nf3 Nc6 3. Bb5 g6 4. Bxc6 dxc6 5. d3 Bg7 6. h3 Nf6 7. Nc3 O-O 8.
Be3 b6 9. Qd2 e5 10. Bh6 Qd6 11. O-O-O a5 12. Bxg7 Kxg7 13. Nh2 a4 14. Ne2 b5
15. Ng4 Ng8 16. f4 exf4 17. Nxf4 Bxg4 18. hxg4 Qe5 19. Qe3 a3 20. b3 h6 21. Rh3
Rad8 22. g5 hxg5 23. Ne2 Rfe8 24. Rdh1 Nf6 25. c3 Rh8 26. Rxh8 Rxh8 27. Rxh8
Kxh8 28. Qg3 Qxg3 29. Nxg3 Nh5 30. Ne2 Nf4 31. Nxf4 gxf4 32. b4 c4 33. d4 Kg7
34. Kd2 g5 35. Ke2 g4 36. Kf2 Kg6 37. Kf1 Kh5 38. Kg1 Kg5 39. Kf1 Kh4 40. Kf2
Kg5 41. Kf1 f3 42. g3 f5 43. e5 Kg6 44. Kf2 Kf7 45. Kf1 Ke6 46. Kf2 Kd5 47. Kg1
c5 48. dxc5 Kxe5 49. Kf1 Ke6 50. Kg1 Kd5 51. Kf2 Ke5 52. Kf1 Kf6 53. Kf2 Ke7
54. Kf1 Kf7 55. Kf2 Kf6 56. Kg1 Ke6 57. Kf2 Kd5 58. Kg1 f4 59. gxf4 Ke4 60. c6
Ke3 61. c7 Ke2 62. c8=Q f2+ 63. Kh2 f1=Q 64. Qxg4+ Kd3 65. f5 Kxc3 66. Qg7+ Kd3
67. f6 c3 68. f7 c2 69. Qg6+ Kc3 70. Qg7+ Kd3 71. Qg6+ Kc3 72. Qg7+ Kd3 1/2-1/2

[Event "72. Corus Chess 2010 GM-B"]
[Site "Wijk aan Zee NED"]
[Date "2010.01.30"]
[Round "12.1"]
[White "L'Ami, Erwin"]
[Black "Reinderman, Dimitri"]
[Result "1/2-1/2"]
[WhiteElo "2615"]
[BlackElo "2573"]
[PlyCount "37"]
[EventDate "2010.01.16"]
[EventType "tourn"]
[EventRounds "13"]
[EventCountry "NED"]
[EventCategory "16"]
[Source "lmi"]
[SourceDate "2010.01.16"]

1. d4 Nf6 2. c4 e5 3. dxe5 Ng4 4. Bf4 Nc6 5. Nf3 Bb4+ 6. Nc3 Bxc3+ 7. bxc3 Qe7
8. Qd5 f6 9. exf6 Nxf6 10. Qd3 d6 11. g3 O-O 12. Bg2 Bg4 13. O-O Rae8 14. Rfe1
Nd7 15. Nd4 Nce5 16. Qe3 Qf6 17. Qc1 c6 18. f3 Bh5 19. Rb1 1/2-1/2

[Event "72. Corus Chess 2010 GM-B"]
[Site "Wijk aan Zee NED"]
[Date "2010.01.30"]
[Round "12.2"]
[White "Ni, Hua"]
[Black "Nisipeanu, Liviu-Dieter"]
[Result "1/2-1/2"]
[WhiteElo "2657"]
[BlackElo "2681"]
[PlyCount "45"]
[EventDate "2010.01.16"]
[EventType "tourn"]
[EventRounds "13"]
[EventCountry "NED"]
[EventCategory "16"]
[Source "lmi"]
[SourceDate "2010.01.16"]

1. e4 c5 2. Nf3 e6 3. d4 cxd4 4. Nxd4 Nf6 5. Nc3 d6 6. Be3 Be7 7. Be2 Nc6 8.
O-O O-O 9. f4 Qc7 10. Kh1 Nxd4 11. Bxd4 e5 12. Be3 b6 13. Bd3 Bb7 14. Qf3 Rac8
15. fxe5 dxe5 16. Bg5 Kh8 17. Qh3 Ng8 18. Nb5 Qb8 19. Bxe7 Nxe7 20. Qd7 Rce8
21. Rad1 a6 22. Nc7 Bc6 23. Qd6 1/2-1/2

[Event "72. Corus Chess 2010 GM-B"]
[Site "Wijk aan Zee NED"]
[Date "2010.01.30"]
[Round "12.5"]
[White "Giri, Anish"]
[Black "Akobian, Varuzhan"]
[Result "1/2-1/2"]
[WhiteElo "2588"]
[BlackElo "2628"]
[PlyCount "239"]
[EventDate "2010.01.16"]
[EventType "tourn"]
[EventRounds "13"]
[EventCountry "NED"]
[EventCategory "16"]
[Source "lmi"]
[SourceDate "2010.01.16"]

1. d4 d6 2. Nf3 Bg4 3. e4 Nf6 4. Nc3 c6 5. h3 Bh5 6. Bd3 e6 7. Bg5 Be7 8. Bxf6
Bxf6 9. g4 Bg6 10. h4 d5 11. h5 Bxe4 12. Bxe4 dxe4 13. Nxe4 Be7 14. Qe2 Qa5+
15. c3 Nd7 16. a3 h6 17. O-O-O O-O-O 18. Rhg1 Rhf8 19. Kb1 Kb8 20. Ned2 Ka8 21.
Rde1 Qd5 22. Nc4 Qb5 23. Nfe5 Nxe5 24. Nxe5 Qxe2 25. Rxe2 c5 26. dxc5 Bxc5 27.
Kc2 Kb8 28. Rg2 Bd6 29. Nd3 Rh8 30. Ne5 Bxe5 31. Rxe5 Rd6 32. g5 Rhd8 33. f4
Kc7 34. gxh6 gxh6 35. Rg7 R8d7 36. Rc5+ Kb6 37. b4 Rd2+ 38. Kb3 R2d5 39. Rxd5
Rxd5 40. Rxf7 Rxh5 41. Re7 Rf5 42. Rxe6+ Kc7 43. Rxh6 Rxf4 44. Rh7+ Kc6 45. a4
a6 46. Rh6+ Kc7 47. a5 Rg4 48. Re6 Rh4 49. Kc2 Rh3 50. Re4 Rg3 51. Kb3 Rg6 52.
Kc4 Kc6 53. Rf4 Rh6 54. Kd3 Rh3+ 55. Kd4 Rh6 56. Ke5 Rh5+ 57. Kd4 Rh6 58. Rg4
Kd6 59. c4 Kc6 60. Rf4 Rd6+ 61. Kc3 Rh6 62. Re4 Rh3+ 63. Kd4 Rh6 64. Re5 Rh4+
65. Kd3 Rh3+ 66. Re3 Rh6 67. Rg3 Rd6+ 68. Kc3 Rh6 69. Kb3 Rf6 70. Rg5 Rf3+ 71.
Ka4 Rf4 72. Rc5+ Kd6 73. Rd5+ Kc6 74. Kb3 Rf3+ 75. Kc2 Ra3 76. Rd3 Ra2+ 77. Kc3
Rh2 78. Rg3 Rh6 79. Kb3 Rf6 80. Re3 Rh6 81. Rf3 Rg6 82. Rf4 Rg1 83. Rf6+ Kc7
84. Kc3 Rg3+ 85. Kd4 Rg4+ 86. Kd5 Rg5+ 87. Ke4 Rg4+ 88. Rf4 Rg1 89. Kd4 Rd1+
90. Kc5 Rd7 91. Rf5 Rh7 92. Rd5 Rg7 93. Re5 Rh7 94. Kd5 Rd7+ 95. Kc5 Rh7 96.
Kd4 Rd7+ 97. Rd5 Rh7 98. b5 axb5 99. cxb5 Rh4+ 100. Kc5 b6+ 101. axb6+ Kb7 102.
Rd7+ Kb8 103. Rg7 Rh5+ 104. Kb4 Rh4+ 105. Ka5 Rh1 106. b7 Rh6 107. Rd7 Rg6 108.
Kb4 Rg4+ 109. Kc5 Rg5+ 110. Kb6 Rg6+ 111. Ka5 Rh6 112. Rg7 Rf6 113. Rh7 Rg6
114. Kb4 Rg4+ 115. Kc5 Rg5+ 116. Kb6 Rg6+ 117. Ka5 Rf6 118. b6 Rf5+ 119. Ka6
Ra5+ 120. Kxa5 1/2-1/2

[Event "72. Corus Chess 2010 GM-B"]
[Site "Wijk aan Zee NED"]
[Date "2010.01.30"]
[Round "12.6"]
[White "Howell, David W L"]
[Black "So, Wesley"]
[Result "1/2-1/2"]
[WhiteElo "2606"]
[BlackElo "2656"]
[PlyCount "39"]
[EventDate "2010.01.16"]
[EventType "tourn"]
[EventRounds "13"]
[EventCountry "NED"]
[EventCategory "16"]
[Source "lmi"]
[SourceDate "2010.01.16"]

1. e4 e6 2. d4 d5 3. Nd2 c5 4. Ngf3 cxd4 5. Nxd4 Nc6 6. Bb5 Bd7 7. Nxc6 Bxc6 8.
Bxc6+ bxc6 9. c4 Qa5 10. O-O Nf6 11. Qc2 Qa6 12. b3 Be7 13. Bb2 O-O 14. e5 Nd7
15. f4 g6 16. Kh1 Nb6 17. Rac1 dxc4 18. bxc4 Rfd8 19. Ba1 Qa4 20. Ne4 1/2-1/2

[Event "72. Corus Chess 2010 GM-B"]
[Site "Wijk aan Zee NED"]
[Date "2010.01.30"]
[Round "12.7"]
[White "Muzychuk, Anna"]
[Black "Naiditsch, Arkadij"]
[Result "0-1"]
[WhiteElo "2523"]
[BlackElo "2687"]
[PlyCount "94"]
[EventDate "2010.01.16"]
[EventType "tourn"]
[EventRounds "13"]
[EventCountry "NED"]
[EventCategory "16"]
[Source "lmi"]
[SourceDate "2010.01.16"]

1. e4 e5 2. Nf3 Nc6 3. Bb5 a6 4. Bxc6 dxc6 5. O-O Be7 6. d3 f6 7. Be3 Bg4 8.
Nbd2 Qd7 9. h3 Bh5 10. Qe2 O-O-O 11. Rfb1 Bb4 12. Nf1 Ne7 13. c4 Qxd3 14. Qxd3
Rxd3 15. a3 Bxf3 16. gxf3 Ba5 17. b4 Bb6 18. c5 Ba7 19. Nd2 Rhd8 20. Nc4 Ng6
21. Nb2 Rb3 22. Kf1 Nf4 23. h4 b6 24. Nc4 Rxb1+ 25. Rxb1 Rd3 26. Rc1 bxc5 27.
bxc5 Ne6 28. Na5 Kd7 29. a4 Nd4 30. f4 exf4 31. Bxf4 Rh3 32. Kg2 Rxh4 33. Be3
Ne6 34. f3 Rh5 35. Nb3 Re5 36. Kf2 f5 37. exf5 Rxf5 38. Ke2 Ke8 39. Rc4 Kf7 40.
Rc1 h6 41. Nd4 Rxc5 42. Rxc5 Bxc5 43. Nxc6 Bxe3 44. Kxe3 Nc5 45. a5 Ke6 46.
Nd4+ Kd5 47. Nf5 Ne6 0-1

[Event "72. Corus Chess 2010 GM-B"]
[Site "Wijk aan Zee NED"]
[Date "2010.01.31"]
[Round "13.1"]
[White "Naiditsch, Arkadij"]
[Black "L'Ami, Erwin"]
[Result "1-0"]
[WhiteElo "2687"]
[BlackElo "2615"]
[PlyCount "101"]
[EventDate "2010.01.16"]
[EventType "tourn"]
[EventRounds "13"]
[EventCountry "NED"]
[EventCategory "16"]
[Source "lmi"]
[SourceDate "2010.01.16"]

1. e4 e6 2. d4 d5 3. Nc3 Nf6 4. Bg5 Bb4 5. e5 h6 6. Bd2 Bxc3 7. bxc3 Ne4 8. Qg4
g6 9. Bd3 Nxd2 10. Kxd2 c5 11. h4 Nc6 12. Nf3 cxd4 13. cxd4 Qa5+ 14. c3 b6 15.
Qf4 Ba6 16. Bxa6 Qxa6 17. Nh2 h5 18. Nf3 Rc8 19. Ng5 Rc7 20. Rh3 Na5 21. Ke1
Qc8 22. Rd1 Re7 23. Qf6 Rf8 24. Qg7 Kd7 25. Nh7 Rd8 26. Rf3 Kc7 27. Rxf7 Rxf7
28. Qxf7+ Kb8 29. Kf1 Qxc3 30. Ng5 Qc2 31. Re1 Qd3+ 32. Kg1 Qxd4 33. Nxe6 Qc3
34. Re3 Qc1+ 35. Kh2 d4 36. Re4 Qc6 37. Rxd4 Rxd4 38. Nxd4 Qe4 39. Qe8+ Kb7 40.
Qd7+ Ka6 41. Qc8+ Qb7 42. Qc2 Qd5 43. Qe2+ Qc4 44. Qe3 Nb7 45. e6 Qc7+ 46. g3
Nd6 47. e7 Qc5 48. Qe2+ b5 49. a4 Qxd4 50. e8=Q Nxe8 51. Qxb5# 1-0

[Event "72. Corus Chess 2010 GM-B"]
[Site "Wijk aan Zee NED"]
[Date "2010.01.31"]
[Round "13.2"]
[White "So, Wesley"]
[Black "Muzychuk, Anna"]
[Result "1/2-1/2"]
[WhiteElo "2656"]
[BlackElo "2523"]
[PlyCount "75"]
[EventDate "2010.01.16"]
[EventType "tourn"]
[EventRounds "13"]
[EventCountry "NED"]
[EventCategory "16"]
[Source "lmi"]
[SourceDate "2010.01.16"]

1. d4 Nf6 2. c4 e6 3. Nc3 Bb4 4. Qc2 O-O 5. a3 Bxc3+ 6. Qxc3 b6 7. Bg5 Bb7 8.
f3 h6 9. Bh4 d5 10. e3 Nbd7 11. Nh3 Rc8 12. c5 bxc5 13. dxc5 c6 14. Bg3 e5 15.
Bxe5 Nxe5 16. Qxe5 Ba6 17. Bxa6 Qa5+ 18. Qc3 Qxa6 19. Nf4 Rfe8 20. O-O-O Rb8
21. Rd4 Rb5 22. Re1 Reb8 23. Nd3 Nd7 24. Rg4 f6 25. b4 R5b7 26. Kb2 Qb5 27. e4
d4 28. Qxd4 Ne5 29. Nxe5 fxe5 30. Qxe5 Rd8 31. Rc1 Rd2+ 32. Ka1 Rbd7 33. Qe6+
Kh8 34. Qe8+ Kh7 35. Qg6+ Kh8 36. Qe8+ Kh7 37. Qg6+ Kh8 38. Qe8+ 1/2-1/2

[Event "72. Corus Chess 2010 GM-B"]
[Site "Wijk aan Zee NED"]
[Date "2010.01.31"]
[Round "13.4"]
[White "Negi, Parimarjan"]
[Black "Giri, Anish"]
[Result "1/2-1/2"]
[WhiteElo "2621"]
[BlackElo "2588"]
[PlyCount "41"]
[EventDate "2010.01.16"]
[EventType "tourn"]
[EventRounds "13"]
[EventCountry "NED"]
[EventCategory "16"]
[Source "lmi"]
[SourceDate "2010.01.16"]

1. e4 e5 2. Nf3 Nf6 3. d4 Nxe4 4. dxe5 d5 5. Nbd2 Nc5 6. Be2 Be7 7. O-O O-O 8.
Nb3 Nxb3 9. axb3 c5 10. c3 Nc6 11. Bf4 Bf5 12. Bd3 Qd7 13. Re1 Rad8 14. h3 h6
15. Bg3 Bxd3 16. Qxd3 Qe6 17. Rad1 d4 18. Qb5 dxc3 19. bxc3 Rxd1 20. Rxd1 b6
21. Qa4 1/2-1/2

[Event "72. Corus Chess 2010 GM-B"]
[Site "Wijk aan Zee NED"]
[Date "2010.01.31"]
[Round "13.6"]
[White "Nisipeanu, Liviu-Dieter"]
[Black "Sutovsky, Emil"]
[Result "1/2-1/2"]
[WhiteElo "2681"]
[BlackElo "2657"]
[PlyCount "36"]
[EventDate "2010.01.16"]
[EventType "tourn"]
[EventRounds "13"]
[EventCountry "NED"]
[EventCategory "16"]
[Source "lmi"]
[SourceDate "2010.01.16"]

1. e4 c5 2. Nf3 d6 3. d4 cxd4 4. Nxd4 Nf6 5. Nc3 a6 6. Bc4 e6 7. Bb3 Nbd7 8.
Bg5 Nc5 9. Qe2 Be7 10. f4 h6 11. Bxf6 Bxf6 12. O-O-O Qc7 13. Kb1 Bd7 14. Rhe1
O-O 15. g4 Qb6 16. e5 dxe5 17. fxe5 Bh4 18. Rg1 Bc6 1/2-1/2

[Event "72. Corus Chess 2010 GM-B"]
[Site "Wijk aan Zee NED"]
[Date "2010.01.31"]
[Round "13.7"]
[White "Reinderman, Dimitri"]
[Black "Ni, Hua"]
[Result "1/2-1/2"]
[WhiteElo "2573"]
[BlackElo "2657"]
[PlyCount "63"]
[EventDate "2010.01.16"]
[EventType "tourn"]
[EventRounds "13"]
[EventCountry "NED"]
[EventCategory "16"]
[Source "lmi"]
[SourceDate "2010.01.16"]

1. c4 Nf6 2. Nc3 d5 3. cxd5 Nxd5 4. Nf3 g6 5. Qa4+ Nc6 6. Ne5 Qd6 7. Nxc6 Qxc6
8. Qxc6+ bxc6 9. g3 Bg7 10. Bg2 Be6 11. b3 O-O-O 12. Bb2 Nxc3 13. Bxc3 Bxc3 14.
dxc3 Rd6 15. Be4 Rhd8 16. Bd3 Bf5 17. Bc4 f6 18. f3 g5 19. g4 Bg6 20. h4 e5 21.
h5 Bc2 22. Rc1 h6 23. Rf1 Bh7 24. e4 Kb7 25. Rc2 Kb6 26. Ke2 Kc5 27. Rb1 a5 28.
a4 Bg8 29. Bxg8 Rxg8 30. Rd2 Rb8 31. Rbb2 Ra8 32. Rb1 1/2-1/2